La primera edición del Ingenioso Hidalgo Don Quijote de la Mancha (Record no. 2101)
[ view plain ]
| 000 -CABECERA | |
|---|---|
| campo de control de longitud fija | 02560nam a2200301 a 4500 |
| 001 - NÚMERO DE CONTROL | |
| campo de control | BRCA_2360 |
| 005 - FECHA Y HORA DE LA ÚLTIMA TRANSACCIÓN | |
| campo de control | 20190320203755.0 |
| 008 - DATOS DE LONGITUD FIJA--INFORMACIÓN GENERAL | |
| campo de control de longitud fija | 051108s1871----sp-#---###---#000-0#spa-u |
| 041 ## - CÓDIGO DE LENGUA | |
| Código de lengua del texto/banda sonora o título independiente | spa |
| 044 ## - CÓDIGO DEL PAÍS DE LA ENTIDAD EDITORA/PRODUCTORA | |
| Código MARC del país | sp |
| 084 ## - OTRO NÚMERO DE CLASIFICACIÓN | |
| Número de clasificación | 001 |
| Número de documento/Ítem | .L67 |
| -- | 1871 F1605 |
| 100 1# - ENTRADA PRINCIPAL--NOMBRE DE PERSONA | |
| Nombre de persona | Cervantes Saavedra, Miguel de |
| Fechas asociadas al nombre | 1547-1616 |
| 9 (RLIN) | 213 |
| 130 0# - ENTRADA PRINCIPAL--TÍTULO UNIFORME | |
| Título uniforme | El Ingenioso Hidalgo Don Quijote de la Mancha |
| 9 (RLIN) | 7075 |
| 245 10 - MENCIÓN DE TÍTULO | |
| Título | La primera edición del Ingenioso Hidalgo Don Quijote de la Mancha |
| Mención de responsabilidad, etc. | compuesto por Miguel de Cervantes Saavedra. |
| 260 ## - PUBLICACIÓN, DISTRIBUCIÓN, ETC. | |
| Lugar de publicación, distribución, etc. | Barcelona |
| Nombre del editor, distribuidor, etc. | Francisco López Fabra |
| Fecha de publicación, distribución, etc. | 1871 |
| 300 ## - DESCRIPCIÓN FÍSICA | |
| Extensión | 1 v. (en varias paginaciones) |
| Dimensiones | 29 cm. |
| 500 ## - NOTA GENERAL | |
| Nota general | Contenido : Portada con el escudo y el lema ´Post tenebras spero lucem´. Tasa. Testimonio de erratas. Privilegio. Dedicatoria del autor al Duque de Béjar. Prólogo del autor. Versos preliminares. Texto |
| 500 ## - NOTA GENERAL | |
| Nota general | Facsímil de : El ingenioso hidalgo Don Quixote de la Mancha. Madrid: Juan de la Cuesta, 1605 |
| 500 ## - NOTA GENERAL | |
| Nota general | Primer facsímil de la primera parte de la edición príncipe, elaborado por Francisco López Fabra, en Barcelona, durante los años de 1871-73. En la portada lleva el escudo con el mote: Post tenebras spero lucem. Texto con centenares de erratas, especialmente errores de puntuación. Falta, además, el episodio del robo del rucio. Privilegio para Castilla únicamente. La licencia real fechada en Valladolid, a 26 de septiembre de 1604. Su existencia se ignoró cerca de dos siglos durante los cuales todas las ediciones posteriores - salvo las de Lisboa - siguieron el texto de la segunda edición de Cuesta. Su desaparición rápida y casi completa - en todo el mundo quedan solo siete ó nueve ejemplares - la ha explicado documentalmente Rodríguez Marín, uno de los más destacados cervantistas españoles por lo que toca a letra de la obra y minucias históricas de la época cervantina, quien la tribuye al envío a América de la mayor parte de la tirada, confiscada y destruida por la Inquisición. Bonito ejemplar. La encuadernación en pergamino, ricamente adornada con florones y filetes dorados en lomo y planos, demuestra el exquisito gusto y alta estima de esta edición por parte del Sr. Franz Mayer Lúdovik Osterc |
| 500 ## - NOTA GENERAL | |
| Nota general | QM117 |
| 650 14 - PUNTO DE ACCESO ADICIONAL DE MATERIA--TÉRMINO DE MATERIA | |
| Término de materia o nombre geográfico como elemento de entrada | Novela española |
| Subdivisión cronológica | Época clásica, 1500-1700 |
| 9 (RLIN) | 215 |
| 650 14 - PUNTO DE ACCESO ADICIONAL DE MATERIA--TÉRMINO DE MATERIA | |
| Término de materia o nombre geográfico como elemento de entrada | Literatura española |
| Subdivisión cronológica | Época clásica, 1500-1700 |
| 9 (RLIN) | 216 |
| 650 14 - PUNTO DE ACCESO ADICIONAL DE MATERIA--TÉRMINO DE MATERIA | |
| Término de materia o nombre geográfico como elemento de entrada | Novela española |
| Subdivisión cronológica | Siglo XVII |
| 9 (RLIN) | 217 |
| 650 14 - PUNTO DE ACCESO ADICIONAL DE MATERIA--TÉRMINO DE MATERIA | |
| Término de materia o nombre geográfico como elemento de entrada | Don Quijote (Personaje ficticio) |
| Término indicativo de función/relación | Novela |
| 9 (RLIN) | 218 |
| 740 0# - PUNTO DE ACCESO ADICIONAL--TÍTULO RELACIONADO O ANALÍTICO NO CONTROLADO | |
| Título relacionado o analítico no controlado | El Ingenioso Hidalgo Don Quijote de la Mancha |
| 902 ## - CATALOGADOR | |
| Iniciales | QFM |
| 942 ## - ELEMENTOS DE PUNTO DE ACCESO ADICIONAL (KOHA) | |
| Fuente del sistema de clasificación o colocación | Library of Congress Classification |
| Tipo de ítem Koha | Libros |
| Estado de retiro | Estado de pérdida | Estado dañado | No para préstamo | Localización permanente | Ubicación/localización actual | Fecha de adquisición | Número de inventario | Total de préstamos | Signatura topográfica completa | Código de barras | Fecha visto por última vez | Precio válido a partir de | Tipo de ítem Koha |
|---|---|---|---|---|---|---|---|---|---|---|---|---|---|
| El ejemplar forma parte de la colección y puede ser consultado según las políticas vigentes. | Biblioteca del Museo Franz Mayer (Rogerio Casas-Alatriste) | Biblioteca del Museo Franz Mayer (Rogerio Casas-Alatriste) | 05/11/2008 | QM117 | 001 .L67 1871 F1605 (QM117) | 2357 | 22/03/2019 | 22/03/2019 | Libros |